000 00656nab a2200181 4500
001 244442
003 OSt
005 20240409121106.0
007 tu
008 200917s2020|||||||
040 _aDE-2950
_cDE-2950
245 0 0 _aHohe Nachzahlung bedroht die KuMa
_bVeranstaltungen. In der Kulturmanufaktur Gerstenberg in Frankfurt finden Konzerte, Workshops, Ausstellungen, Partys und noch viel mehr statt. Aber damit könnte bald Schluss sein/
_cLisa Larossa
264 _c2024
653 _aFrankfurt (Oder)
653 _aKulturmanufaktur
773 0 _g35. Jahrgang (2024) Nr. 71 vom 23.03.2024, S. 17 mit Foto
_tMärkische Oderzeitung
942 _2z
_cA
999 _c373047
_d373047